Statistiques concernant Les pays qui ont participé à la Coupe du monde de football

Cliquez ici pour prendre le quiz!

Statistiques générales

  • Ce quiz a été pris 1 393 fois
  • Le résultat moyen est 57 sur 82

Statistiques - réponses

Première apparitionEquipeContinent% Correct
1930FranceEurope
98%
1930BrésilAmérique du Sud
97%
1930ArgentineAmérique du Sud
95%
1930UruguayAmérique du Sud
95%
1934AllemagneEurope
92%
1974Allemagne de l'EstEurope
92%
1954Allemagne de l'OuestEurope
92%
1934EspagneEurope
92%
1970MarocAfrique
91%
1958Union soviétiqueEurope
91%
1934ItalieEurope
90%
1966PortugalEurope
90%
1982AlgérieAfrique
89%
1986CanadaAmérique du Nord
89%
1998JaponAsie
89%
1930MexiqueAmérique du Nord
88%
1994RussieEurope
88%
1950AngleterreEurope
86%
2002ChineAsie
86%
1930ChiliAmérique du Sud
85%
1934SuèdeEurope
85%
1954Corée du SudAsie
84%
1974AustralieOcéanie
83%
1930BelgiqueEurope
83%
1934SuisseEurope
83%
1962ColombieAmérique du Sud
82%
2002SénégalAfrique
82%
1930Etats-UnisAmérique du Nord
81%
1934Pays-BasEurope
81%
1998Afrique du SudAfrique
80%
1978TunisieAfrique
80%
1982CamerounAfrique
78%
1990IrlandeEurope
78%
1998CroatieEurope
77%
1934EgypteAfrique
77%
1938NorvègeEurope
77%
1938PologneEurope
77%
1986DanemarkEurope
75%
1930PérouAmérique du Sud
75%
1954TurquieAsie
73%
1934HongrieEurope
72%
1930ParaguayAmérique du Sud
72%
1966Corée du NordAsie
71%
2006UkraineEurope
71%
1994GrèceEurope
70%
2002EquateurAmérique du Sud
69%
1994Arabie saouditeAsie
67%
1934AutricheEurope
67%
2006Côte d'IvoireAfrique
67%
1982Nouvelle-ZélandeOcéanie
67%
1930BolivieAmérique du Sud
66%
1990Costa RicaAmérique du Nord
66%
1978IranAsie
66%
1954EcosseEurope
65%
2006GhanaAfrique
65%
2010SerbieEurope
65%
2006Serbie-et-MonténégroEurope
65%
1930RoumanieEurope
63%
2010SlovaquieEurope
63%
1974ZaïreAfrique
63%
1994NigeriaAfrique
62%
1958Pays de GallesEurope
62%
2002SlovénieEurope
60%
1962BulgarieEurope
59%
1982HondurasAmérique du Nord
56%
2006République tchèqueEurope
55%
1938CubaAmérique du Nord
54%
1930YougoslavieEurope
54%
2014Bosnie-HerzégovineEurope
51%
1986IrakAsie
49%
1958Irlande du NordEurope
49%
1998JamaïqueAmérique du Nord
45%
1934TchécoslovaquieEurope
43%
2006TogoAfrique
41%
1970IsraëlAsie
40%
1938Indes orientales néerlandaisesAsie
35%
1974HaïtiAmérique du Nord
34%
2006AngolaAfrique
31%
1970SalvadorAmérique du Nord
30%
1982KoweïtAsie
27%
2006Trinité-et-TobagoAmérique du Nord
24%
1990Emirats arabes unisAsie
18%

Distribution des résultats

Percentile par nombre de réponses

% des personnes avec chaque résultat

Votre développement - résultats

Vous n’avez pas pris ce quiz